000 00748nam a2200241Ia 4500
003 OSt
005 20220923221318.0
006 a|||||r|||| 00| 0
007 ta
008 220922b |||||||| |||| 00| 0 hin d
024 _a197,051
037 _cTextual
040 _aARTS
_cARTS
_bhin
041 _2hin
_ahin
082 _aP152, M6
100 _aतिवारी, भोलानाथ
_9156271
245 0 _aमानक हिन्दी का स्वरूप
246 _aMānak hindī kā svarūpa
260 _aदिल्ली
_b प्रभात प्रका0
_c1986
300 _a210पृ.
_ccm.
942 _hP152, M6
_cTEXL
_2CC
999 _c348922
_d348922